| 000 | 00421nam a2200145 i 4500 | ||
|---|---|---|---|
| 001 | 134942 | ||
| 003 | ES-MaACL | ||
| 005 | 20230906194757.0 | ||
| 007 | t| | ||
| 008 | 070703s1904 it ||||1| ita d | ||
| 100 | 1 |
_aThot, Ladislao. _9110161 |
|
| 245 | 1 | 2 |
_aL'imputabilitá en diritto penale _b: studio giuridico comparativo / _cLadislao Thot. |
| 260 |
_aRoma : _bFratelli Bocca, _c1904. |
||
| 852 |
_aES-MaACL _jT-1035-F-6 |
||
| 999 |
_c134942 _d134942 |
||